|
|
|
|
| LEADER |
00000cam a2200000 a 4500 |
| 001 |
vtls001380427 |
| 003 |
SK-MaSNL |
| 005 |
20260301011336.0 |
| 008 |
240313s1972 xr l f 00100 cze |
| 035 |
|
|
|a SNK000334419
|
| 040 |
|
|
|a SNK
|b slo
|c SNK
|e AACR2
|
| 041 |
|
|
|a cze
|
| 044 |
|
|
|a xr
|c CZ
|
| 072 |
|
7 |
|a 641
|x Kuchárstvo. Potraviny. Varené jedlá
|2 konspekt
|
| 080 |
|
|
|a 641.53
|2 2011
|
| 080 |
|
|
|a 612.39
|2 2011
|
| 080 |
|
|
|a 613.2
|2 2011
|
| 080 |
|
|
|a 316.346.32-053.2
|2 2011
|
| 080 |
|
|
|a 613.95
|2 2011
|
| 080 |
|
|
|a (035)
|2 2011
|
| 080 |
|
|
|a 371.217.2
|2 2011
|
| 080 |
|
|
|a 641.522.6
|2 2011
|
| 100 |
1 |
|
|a Hnátek, Jaroslav,
|d 1917-
|4 aut
|9 111379
|
| 245 |
1 |
0 |
|a Výživa a stravování školních dětí a mládeže
|c Jaroslav Hnátek a kol.
|
| 246 |
3 |
3 |
|a Receptury s technologickými postupy
|
| 250 |
|
|
|a 1. vyd.
|
| 260 |
|
|
|a Praha
|b Státní pedagogické nakladatelství,
|c 1972
|
| 300 |
|
|
|a 370 s., [4] s. obr. príl.
|b tab.
|c 21 cm
|e 1 voľ. príl. (499 voľ. list.)
|
| 366 |
|
|
|e 25000 výt.
|
| 490 |
1 |
|
|a Odborná literatura pro veřejnost
|
| 500 |
|
|
|a Viaz.
|
| 500 |
|
|
|a Vlož. v obale spolu s prílohou: Receptury s technologickými postupy
|
| 504 |
|
|
|a Obsah. reg.
|
| 650 |
0 |
7 |
|a výživa
|2 SNKPH
|9 2615
|
| 650 |
0 |
7 |
|a stravovanie
|2 SNKPH
|9 13690
|
| 650 |
0 |
7 |
|a školské stravovanie
|2 SNKPH
|9 71306
|
| 650 |
0 |
7 |
|a Nutrition
|2 SNKPHeng
|9 267862
|
| 650 |
0 |
7 |
|a Catering
|2 SNKPHeng
|9 275158
|
| 650 |
0 |
7 |
|a School catering
|2 SNKPHeng
|9 294596
|
| 650 |
0 |
7 |
|a deti a mládež
|2 SNKPH
|9 774
|
| 650 |
0 |
7 |
|a Children and youth
|2 SNKPHeng
|9 267397
|
| 650 |
0 |
7 |
|a výživa detí
|2 SNKPH
|9 2619
|
| 650 |
0 |
7 |
|a Children's nutrition
|2 SNKPHeng
|9 294597
|
| 650 |
0 |
7 |
|a varenie
|2 SNKPH
|9 4177
|
| 650 |
0 |
7 |
|a Cooking
|2 SNKPHeng
|9 294598
|
| 655 |
|
7 |
|a príručky
|2 SNKPH
|9 74364
|
| 655 |
|
7 |
|a Handbooks, manuals, etc.
|2 SNKPHeng
|9 90964
|
| 830 |
|
0 |
|a Odborná literatura pro veřejnost
|9 294599
|
| 852 |
|
|
|a Štátna vedecká knižnica v Banskej Bystrici
|
| 958 |
|
|
|a OND
|
| 999 |
|
|
|c 550613
|d 552543
|
| 952 |
|
|
|t P60, <04>, [BOOK], {604}
|a SNK
|b SNK
|y NEVYP
|7 0
|p 17A0223320
|o snkIC 53586 D1
|0 0
|1 1
|4 0
|d 2000-01-10
|l 0
|r 2005-01-02 00:00:00
|w 2026-02-23
|
| 952 |
|
|
|t P60, <04>, [BOOK], {604}
|a SNK
|b SNK
|y VYP
|7 0
|p 17A0254429
|o snkIC 53586
|0 0
|1 0
|4 0
|d 2000-10-23
|l 0
|r 2005-01-02 00:00:00
|w 2026-02-23
|
| 952 |
|
|
|t P60, <04>, [BOOK], {604}
|a SNK
|b SNK
|y VYP
|7 0
|p 17A0255040
|o snkIC 53586 a (príl.1-499)
|0 0
|1 0
|4 0
|d 2000-10-23
|l 0
|r 2005-01-02 00:00:00
|w 2026-02-23
|